[Event "Vaujany op 5th"]
[Site "Vaujany"]
[Date "2014.07.18"]
[Round "9.6"]
[White "Mercier, Jean Pierre"]
[Black "Meskovs, Nikita"]
[Result "0-1"]
[WhiteElo "2241"]
[BlackElo "2440"]
[PlyCount "44"]
[EventDate "2014.07.10"]
[EventType "swiss"]
[EventRounds "9"]
[EventCountry "FRA"]
[SourceTitle "EXT 2017"]
[Source "ChessBase"]
[SourceDate "2016.10.25"]
[SourceVersion "1"]
[SourceVersionDate "2016.10.25"]
[SourceQuality "1"]

1. e4 c5 2. Nf3 e6 3. d3 Nc6 4. Nbd2 Nf6 5. g3 d5 6. Bg2 Be7 7. 0-0 0-0 8. Re1 b5 9. e5 Nd7 10. Nf1 Qc7 11. Bf4 Bb7 12. Ne3 Nd4 13. Ng4 Nf5 14. h4 h6 15. Qd2 Kh7 16. Bh3 d4 17. Re4 Qd8 18. Kg2 c4 19. Ng5+ hxg5 20. hxg5 Rh8 21. Rh1 Kg8 22. f3 Bxe4 0-1

[Event "Vaujany op 5th"]
[Site "Vaujany"]
[Date "2014.07.17"]
[Round "8.9"]
[White "Petre, Nad Titus"]
[Black "Mercier, Jean Pierre"]
[Result "1/2-1/2"]
[WhiteElo "2371"]
[BlackElo "2241"]
[PlyCount "89"]
[EventDate "2014.07.10"]
[EventType "swiss"]
[EventRounds "9"]
[EventCountry "FRA"]
[SourceTitle "EXT 2017"]
[Source "ChessBase"]
[SourceDate "2016.10.25"]
[SourceVersion "1"]
[SourceVersionDate "2016.10.25"]
[SourceQuality "1"]

1. d4 Nf6 2. Nf3 g6 3. g3 Bg7 4. Bg2 0-0 5. 0-0 c5 6. c4 cxd4 7. Nxd4 Nc6 8. Nc3 Nxd4 9. Qxd4 d6 10. Qd3 Bf5 11. e4 Be6 12. Bd2 a6 13. b3 Rb8 14. Rac1 Nd7 15. Rfd1 b5 16. cxb5 axb5 17. Nd5 Nc5 18. Qe2 Bxd5 19. exd5 b4 20. Rc2 Re8 21. h4 e5 22. Be3 Nd7 23. Rc6 Bf8 24. Rdc1 f5 25. Bg5 Nf6 26. h5 Be7 27. hxg6 hxg6 28. R1c4 e4 29. Qd2 Ng4 30. Bxe7 Qxe7 31. Qf4 Rbd8 32. Rc7 Rd7 33. Rxd7 Qxd7 34. Rxb4 e3 35. fxe3 Qh7 36. e4 Qa7+ 37. Kf1 Ne3+ 38. Ke2 Nxg2 39. Qxd6 Qe3+ 40. Kf1 Qf3+ 41. Kg1 Ne3 42. Qxg6+ Kf8 43. Qh6+ Kg8 44. Qg5+ Kf8 45. Qf6+ 1/2-1/2

[Event "Vaujany op 5th"]
[Site "Vaujany"]
[Date "2014.07.12"]
[Round "3.17"]
[White "Apap, Hugo"]
[Black "Mercier, Jean Pierre"]
[Result "1/2-1/2"]
[WhiteElo "1888"]
[BlackElo "2241"]
[PlyCount "60"]
[EventDate "2014.07.10"]
[EventType "swiss"]
[EventRounds "9"]
[EventCountry "FRA"]
[SourceTitle "EXT 2017"]
[Source "ChessBase"]
[SourceDate "2016.10.25"]
[SourceVersion "1"]
[SourceVersionDate "2016.10.25"]
[SourceQuality "1"]

1. d4 Nf6 2. c4 d6 3. Nc3 e5 4. d5 Nbd7 5. e4 Be7 6. f3 h5 7. Nh3 h4 8. Be3 Nh5 9. Nf2 Bg5 10. Bxg5 Qxg5 11. Qd2 Qxd2+ 12. Kxd2 c5 13. g3 Rh6 14. g4 Nf4 15. Ne2 Nxe2 16. Bxe2 Nf8 17. Rhb1 Kd8 18. b4 cxb4 19. Rxb4 Nd7 20. Nd3 b6 21. Rf1 g5 22. Bd1 a5 23. Rb2 Ba6 24. Ba4 Nc5 25. Nxc5 dxc5 26. Bb5 Bc8 27. h3 Kc7 28. a4 Rf6 29. Ke3 Bb7 30. Rb3 Rh8 1/2-1/2

[Event "Marseille op"]
[Site "Marseille"]
[Date "2007.12.30"]
[Round "8"]
[White "Rey, Christophe"]
[Black "Mercier, Jean Pierre"]
[Result "1/2-1/2"]
[WhiteElo "2086"]
[BlackElo "2214"]
[PlyCount "78"]
[EventDate "2007.12.27"]
[EventType "swiss"]
[EventRounds "9"]
[EventCountry "FRA"]
[SourceTitle "CBM 122 Extra"]
[Source "ChessBase"]
[SourceDate "2008.03.04"]
[SourceVersion "1"]
[SourceVersionDate "2008.03.04"]
[SourceQuality "1"]

1. d4 Nf6 2. Nf3 d6 3. Bg5 Nbd7 4. Nbd2 e5 5. c3 Be7 6. e4 h6 7. Bh4 exd4 8. cxd4 Nxe4 9. Nxe4 Bxh4 10. Bd3 Be7 11. 0-0 0-0 12. Rc1 c6 13. Bb1 Nf6 14. Ng3 Re8 15. Qd3 Be6 16. Rfe1 Kf8 17. Nh4 Qd7 18. Re3 Bd8 19. Nhf5 Bxf5 20. Nxf5 Rxe3 21. Qxe3 Nd5 22. Qg3 Bg5 23. Re1 Rd8 24. h4 Bf6 25. h5 Nc7 26. Qf3 Re8 27. Rd1 Ne6 28. d5 Ng5 29. Qa3 c5 30. Qxa7 Bxb2 31. f4 Ne4 32. Bxe4 Rxe4 33. Qb8+ Re8 34. Qxd6+ Qxd6 35. Nxd6 Bd4+ 36. Kf1 Rd8 37. Nxb7 Rxd5 38. Nxc5 Rxc5 39. Rxd4 Rxh5 1/2-1/2

[Event "Marseille op"]
[Site "Marseille"]
[Date "2007.12.28"]
[Round "3"]
[White "Mercier, Jean Pierre"]
[Black "Maruejols, Claude"]
[Result "1-0"]
[WhiteElo "2214"]
[BlackElo "2043"]
[PlyCount "75"]
[EventDate "2007.12.27"]
[EventType "swiss"]
[EventRounds "9"]
[EventCountry "FRA"]
[SourceTitle "CBM 122 Extra"]
[Source "ChessBase"]
[SourceDate "2008.03.04"]
[SourceVersion "1"]
[SourceVersionDate "2008.03.04"]
[SourceQuality "1"]

1. Nf3 Nf6 2. c4 g6 3. Nc3 d5 4. cxd5 Nxd5 5. e4 Nxc3 6. dxc3 Qxd1+ 7. Kxd1 Bg7 8. Bf4 c6 9. Kc2 0-0 10. a4 Nd7 11. Bc4 Nc5 12. Nd2 Be6 13. f3 Rfd8 14. Be3 Bxc4 15. Nxc4 Ne6 16. a5 Nc7 17. Rhd1 Nb5 18. Na3 Nxa3+ 19. bxa3 Be5 20. Rab1 Rxd1 21. Rxd1 b6 22. Rd7 Kf8 23. f4 Bd6 24. a4 f6 25. a6 Kf7 26. g3 h5 27. a5 bxa5 28. Rxa7 Rb8 29. Rb7 Ra8 30. Rb6 c5 31. Kb3 Ke8 32. Ka4 Kd7 33. f5 gxf5 34. exf5 Bc7 35. Re6 Bd6 36. Kxa5 Kc6 37. Bf4 Rb8 38. a7 1-0

[Event "Marseille op"]
[Site "Marseille"]
[Date "2003.12.28"]
[Round "4"]
[White "Duquesnoy, Jean Philippe"]
[Black "Mercier, Jean Pierre"]
[Result "0-1"]
[WhiteElo "2214"]
[BlackElo "2274"]
[PlyCount "79"]
[EventDate "2003.12.26"]
[EventType "swiss"]
[EventRounds "9"]
[EventCountry "FRA"]
[SourceTitle "CBM 097 Extra"]
[Source "ChessBase"]
[SourceDate "2004.01.13"]
[SourceVersion "1"]
[SourceVersionDate "2004.01.13"]
[SourceQuality "1"]

1. d4 Nf6 2. Bg5 e6 3. e4 c5 4. d5 Qa5+ 5. Bd2 Qc7 6. Nc3 exd5 7. exd5 d6 8. Bb5+ Nbd7 9. Nf3 a6 10. Bd3 Be7 11. 0-0 0-0 12. Re1 Re8 13. a4 Rb8 14. Bg5 b6 15. Qd2 Bb7 16. Bc4 Bf8 17. Qd3 Ra8 18. Rxe8 Nxe8 19. Re1 Ne5 20. Qe2 Nxc4 21. Qxc4 Qd7 22. Qd3 Nc7 23. Bh4 h6 24. Nd2 b5 25. a5 Re8 26. Rxe8 Qxe8 27. Nce4 Nxd5 28. h3 Nf4 29. Qe3 Ne6 30. Qg3 Qc6 31. c4 bxc4 32. f3 d5 33. Nf6+ Kh8 34. Ng4 Nd4 35. Qb8 Qc8 36. Qe5 Qe6 37. Nxh6 Qxh6 38. Bg3 Qe6 39. Qb8 Bc8 40. Nf1 0-1

[Event "Marseille op 4th"]
[Site "Marseille"]
[Date "2003.06.29"]
[Round "2"]
[White "Flear, Glenn C"]
[Black "Mercier, Jean Pierre"]
[Result "1-0"]
[WhiteElo "2509"]
[BlackElo "2273"]
[PlyCount "51"]
[EventDate "2003.06.28"]
[EventType "swiss"]
[EventRounds "9"]
[EventCountry "FRA"]
[SourceTitle "EXT 2004"]
[Source "ChessBase"]
[SourceDate "2003.11.25"]
[SourceVersion "1"]
[SourceVersionDate "2003.11.25"]
[SourceQuality "1"]

1. d4 d5 2. c4 e6 3. Nc3 c5 4. cxd5 exd5 5. Nf3 Nc6 6. g3 Nf6 7. Bg2 Be7 8. 0-0 Be6 9. b3 Ne4 10. Bb2 Qa5 11. Rc1 0-0 12. dxc5 Bxc5 13. e3 Rad8 14. Qe2 Bg4 15. h3 Bh5 16. g4 Bg6 17. Nh4 Rfe8 18. Nxg6 Ng3 19. Qb5 Nxf1 20. Qxa5 Nxa5 21. Nxd5 Bd6 22. Nh4 Nd2 23. Nf5 Ndxb3 24. axb3 Nxb3 25. Rd1 f6 26. Nxf6+ 1-0

[Event "Budapest FS05 IM-B"]
[Site "Budapest"]
[Date "2003.05.13"]
[Round "11"]
[White "Mercier, Jean Pierre"]
[Black "Boguszlavszkij, Jevgenyij"]
[Result "1/2-1/2"]
[WhiteElo "2273"]
[BlackElo "2280"]
[PlyCount "110"]
[EventDate "2003.05.03"]
[EventType "tourn"]
[EventRounds "13"]
[EventCountry "HUN"]
[EventCategory "1"]
[SourceTitle "CBM 094 Extra"]
[Source "ChessBase"]
[SourceDate "2003.07.09"]
[SourceVersion "2"]
[SourceVersionDate "2003.07.09"]
[SourceQuality "1"]

1. e4 c6 2. d4 d5 3. Nd2 g6 4. h3 Nf6 5. exd5 cxd5 6. Bd3 Nc6 7. c3 e5 8. dxe5 Nxe5 9. Qe2 Qe7 10. Bb5+ Bd7 11. Bxd7+ Nfxd7 12. Ngf3 Nd3+ 13. Kf1 Qxe2+ 14. Kxe2 Nxc1+ 15. Raxc1 Bh6 16. Rcd1 0-0 17. Rhe1 Nc5 18. Nb3 Na4 19. Rb1 Rfe8+ 20. Kd3 Rxe1 21. Nxe1 Re8 22. Nc2 Nb6 23. Re1 Rxe1 24. Nxe1 Nc4 25. Kc2 Kf8 26. Nd3 Ke7 27. Nd4 Nd2 28. Nb4 Ne4 29. f3 Nf6 30. g4 Bg5 31. Nd3 Be3 32. Nc5 b6 33. Ncb3 a6 34. Kd3 Bg5 35. Nc6+ Kd6 36. Nd8 Ke5 37. Nxf7+ Kf4 38. Nxg5 Kxg5 39. Ke3 Kh4 40. Kf4 h5 41. gxh5 gxh5 42. Nd4 Nh7 43. Kf5 Nf8 44. Ne2 Kxh3 45. Nf4+ Kh4 46. Ke5 Kg5 47. Nxh5 Kxh5 48. Kxd5 Kg5 49. Kc6 Kf4 50. Kxb6 Kxf3 51. Kxa6 Ke4 52. Kb7 Nd7 53. b4 Kd3 54. Kc6 Kxc3 55. Kb5 Ne5 1/2-1/2

[Event "Budapest FS05 IM-B"]
[Site "Budapest"]
[Date "2003.05.06"]
[Round "4"]
[White "Pg, Mohd Omar Ak Hira"]
[Black "Mercier, Jean Pierre"]
[Result "1/2-1/2"]
[WhiteElo "2200"]
[BlackElo "2273"]
[PlyCount "151"]
[EventDate "2003.05.03"]
[EventType "tourn"]
[EventRounds "13"]
[EventCountry "HUN"]
[EventCategory "1"]
[SourceTitle "CBM 094 Extra"]
[Source "ChessBase"]
[SourceDate "2003.07.09"]
[SourceVersion "2"]
[SourceVersionDate "2003.07.09"]
[SourceQuality "1"]

1. e4 e6 2. d4 d5 3. Nd2 c5 4. exd5 exd5 5. Bb5+ Nc6 6. Qe2+ Be6 7. dxc5 Bxc5 8. Nb3 Bb6 9. Nf3 Nf6 10. 0-0 0-0 11. Bg5 h6 12. Bf4 Ne4 13. Bxc6 bxc6 14. Nfd2 Qf6 15. Nxe4 dxe4 16. Be3 Qxb2 17. Bxb6 axb6 18. Qxe4 Bd5 19. Qg4 Qxc2 20. Nd4 Qe4 21. Qxe4 Bxe4 22. Rfe1 Bd5 23. Nf5 Rfe8 24. Ne7+ Kf8 25. Nxd5 Rxe1+ 26. Rxe1 cxd5 27. Rb1 Rc8 28. Kf1 Rc6 29. Rb5 d4 30. Ke2 Rc2+ 31. Ke1 d3 32. a4 Re2+ 33. Kf1 Ra2 34. Ke1 Re2+ 35. Kf1 Re6 36. Rd5 Re4 37. Rxd3 Rxa4 38. Rb3 Ra6 39. Ke2 Ke7 40. Rb2 Kd6 41. Kd3 Kc6 42. Rc2+ Kd6 43. Rb2 Kc6 44. Rc2+ Kb7 45. Re2 Ra7 46. Kc4 Ra4+ 47. Kb3 Rf4 48. Rd2 Kc6 49. Re2 h5 50. f3 h4 51. h3 Kd6 52. Kc3 Rf5 53. Rb2 b5 54. Rb4 g5 55. Rb1 f6 56. Rb2 Kc5 57. Ra2 Rd5 58. Ra6 Rd6 59. Ra8 Kd5 60. Rb8 Rc6+ 61. Kb3 Rc5 62. Rb6 Ke5 63. Kb2 Kf5 64. Kb3 Re5 65. Kc3 Kf4 66. Rxf6+ Kg3 67. f4 gxf4 68. Rg6+ Kh2 69. Rg4 f3 70. gxf3 Kxh3 71. Kd4 Re1 72. Kd3 Re7 73. Kd2 Rb7 74. Ke3 b4 75. Kf2 b3 76. Rg1 1/2-1/2

[Event "FRA-chT2"]
[Site "France"]
[Date "2002.01.20"]
[Round "6"]
[White "Bolding, Klaus"]
[Black "Mercier, Jean Pierre"]
[Result "1-0"]
[WhiteElo "2376"]
[BlackElo "2231"]
[PlyCount "56"]
[EventDate "2002.??.??"]
[EventType "team"]
[EventRounds "11"]
[EventCountry "FRA"]
[SourceTitle "EXT 2003"]
[Source "ChessBase"]
[SourceDate "2002.11.25"]
[SourceVersion "1"]
[SourceVersionDate "2002.11.25"]
[SourceQuality "1"]

1. e4 c5 2. Nf3 Nc6 3. b4 cxb4 4. d4 d5 5. exd5 Qxd5 6. c4 Qa5 7. Bb2 Bf5 8. Nbd2 e6 9. d5 exd5 10. cxd5 Qxd5 11. Bc4 Qd7 12. 0-0 0-0-0 13. Rc1 f6 14. Qa4 Kb8 15. Nb3 Nd4 16. Qa5 Nxf3+ 17. gxf3 b6 18. Qa6 Bh3 19. Nd4 Qb7 20. Qb5 Bd7 21. Qh5 g6 22. Qh4 Bh6 23. Qg3+ Qc7 24. Qxc7+ Kxc7 25. Bxg8+ Bxc1 26. Rxc1+ Kb8 27. Bb3 Rc8 28. Re1 Bh3 1-0

[Event "Provence-ch 9900"]
[Site "France"]
[Date "2000.01.29"]
[Round "5"]
[White "Mercier, Jean Pierre"]
[Black "Tonnaire, Christophe"]
[Result "1-0"]
[WhiteElo "2225"]
[BlackElo "2030"]
[PlyCount "79"]
[EventDate "1999.??.??"]
[EventType "tourn"]
[EventRounds "9"]
[EventCountry "FRA"]
[SourceTitle "EXT 2005"]
[Source "ChessBase"]
[SourceDate "2004.11.15"]
[SourceVersion "1"]
[SourceVersionDate "2004.11.15"]
[SourceQuality "1"]

1. d4 Nf6 2. Nf3 e6 3. Bf4 b6 4. e3 Bb7 5. Bd3 Be7 6. h3 d6 7. c4 Ne4 8. Qc2 f5 9. Ke2 Nd7 10. g4 g5 11. gxf5 exf5 12. Bh2 Ndf6 13. d5 Bc8 14. Nc3 Nxc3+ 15. Qxc3 Rg8 16. Qc2 f4 17. Bxh7 Rg7 18. Bg6+ Kf8 19. Nxg5 fxe3 20. fxe3 Kg8 21. Rag1 Nxd5 22. Bf7+ Kh8 23. Bxd5 Bxg5 24. Bxa8 Qe7 25. Qe4 Be6 26. Rxg5 Rxg5 27. Qh4+ Kg7 28. Qxg5+ Qxg5 29. Rg1 Bxc4+ 30. Kf3 Qxg1 31. Bxg1 Bxa2 32. e4 c5 33. Bh2 Be6 34. h4 a5 35. Bxd6 c4 36. Bc7 a4 37. Bxb6 c3 38. bxc3 a3 39. Bd5 a2 40. Bd4+ 1-0

[Event "Provence-ch 9900"]
[Site "France"]
[Date "2000.??.??"]
[Round "3"]
[White "Mercier, Jean Pierre"]
[Black "Girard, Jean Pierre"]
[Result "1-0"]
[WhiteElo "2225"]
[BlackElo "1970"]
[PlyCount "63"]
[EventDate "1999.??.??"]
[EventType "tourn"]
[EventRounds "9"]
[EventCountry "FRA"]
[SourceTitle "EXT 2005"]
[Source "ChessBase"]
[SourceDate "2004.11.15"]
[SourceVersion "1"]
[SourceVersionDate "2004.11.15"]
[SourceQuality "1"]

1. d4 Nf6 2. c4 e6 3. Nc3 Bb4 4. Nf3 b6 5. Qb3 Bxc3+ 6. Qxc3 Bb7 7. Bg5 d6 8. e3 Nbd7 9. Be2 h6 10. Bh4 g5 11. Bg3 Ne4 12. Qc2 h5 13. Bd3 Ndf6 14. h4 g4 15. Ng5 Nxg3 16. fxg3 Qe7 17. 0-0 0-0-0 18. Rf2 Rdf8 19. Raf1 Rh6 20. e4 e5 21. d5 Kb8 22. b4 Bc8 23. c5 dxc5 24. bxc5 Nd7 25. d6 cxd6 26. Nxf7 Rf6 27. cxd6 Rxd6 28. Nxd6 Qxd6 29. Rxf8 Nxf8 30. Kh2 Ne6 31. Bc4 Nc5 32. Bd5 1-0

[Event "Montpellier op-B"]
[Site "Montpellier"]
[Date "1998.??.??"]
[Round "7"]
[White "Mercier, Jean Pierre"]
[Black "Schott, Reimund"]
[Result "0-1"]
[WhiteElo "2235"]
[BlackElo "2085"]
[PlyCount "102"]
[EventDate "1998.??.??"]
[EventType "swiss"]
[EventRounds "9"]
[EventCountry "FRA"]
[SourceTitle "EXT 2000"]
[Source "ChessBase"]
[SourceDate "1999.11.16"]
[SourceVersion "1"]
[SourceVersionDate "1999.11.16"]
[SourceQuality "1"]

1. d4 Nf6 2. c4 e6 3. Nf3 b6 4. g3 Bb7 5. Bg2 Be7 6. 0-0 0-0 7. Nc3 Ne4 8. Qc2 Nxc3 9. Qxc3 c5 10. Qc2 f5 11. d5 Qc8 12. Rd1 d6 13. Bg5 Qd8 14. Bxe7 Qxe7 15. dxe6 Nc6 16. Nh4 Nd4 17. Qd3 Bxg2 18. Kxg2 f4 19. Nf3 Nxf3 20. exf3 Rad8 21. Re1 g6 22. Rad1 Rf5 23. b3 Kg7 24. g4 Rf6 25. Qe4 Re8 26. Qc6 Rd8 27. Qd5 h6 28. Re4 g5 29. Rde1 Rh8 30. Rd1 Rd8 31. Rde1 Rh8 32. h3 Rg6 33. Rd1 Rd8 34. Rde1 Rh8 35. h4 h5 36. Rd1 hxg4 37. Qxd6 gxf3+ 38. Kxf3 g4+ 39. Kxf4 Qf6+ 40. Ke3 Qf3+ 41. Kd2 Qxe4 42. Qd7+ Kh6 43. Re1 Qf4+ 44. Ke2 Rf6 45. e7 Qxf2+ 46. Kd1 Qf3+ 47. Kc1 Qc3+ 48. Kd1 Qa1+ 49. Ke2 Qxa2+ 50. Ke3 Rf3+ 51. Ke4 Qc2+ 0-1